| Registos Bibliográficos associados ao registo de autoridade |
|
Etiqueta de registo: 00000nam 2200025 450 001 2255214 003 http://id.bnportugal.gov.pt/bib/catbnp/2255214 100 ## $a20260127d2025 k y0pory01030103ba 101 0# $aeng$dpor 102 ## $aPT 105 ## $aa m 000yy 106 ## $ar 200 1# $aNear-miss management system for sustained safety management in the traditional manufacturing
industry$fMaria Helena Seabra Pedrosa$gorient. Joana Guedes, Ana Salazar, Carla Cardoso 210 #9 $aPorto$c[s.n.],$d2025 215 ## $a1 v.$cil.$d30 cm 300 ## $aAcesso não autorizado pelo autor por um periodo de 3 anos 328 #1 $aTese dout. Occupational Safety and Health, Faculdade de Engenharia, Universidade do
Porto, 2025 675 ## $a331.4(043)$vBN$zpor$3489900 675 ## $a613.6(043)$vBN$zpor$3502648 700 #1 $aPedrosa,$bMaria Helena Seabra$31981702 702 #1 $aCardoso,$bCarla $4727$31878151 702 #1 $92$aSalazar,$bAna$4727$31981709 702 #1 $95$aGuedes,$bJoana$4727$31645470 801 #0 $aPT$bBN$gRPC 966 ## $lBN$mFGMON$sS.A. 193232 V.$x1 971 ## $corlando$d20260127 972 ## $e0$z0$d20260313$vlrevez 973 ## $cigoulao$d20260312
|
|
|